El paisajista José María Velasco (Record no. 8888)

MARC details
000 -CABECERA
campo de control de longitud fija 00965nam a2200265 a 4500
001 - NÚMERO DE CONTROL
campo de control BRL_75
005 - FECHA Y HORA DE LA ÚLTIMA TRANSACCIÓN
campo de control 20190320210558.0
008 - DATOS DE LONGITUD FIJA--INFORMACIÓN GENERAL
campo de control de longitud fija 751204s1943 mx-a######---#000-0#spa-#
041 ## - CÓDIGO DE LENGUA
Código de lengua del texto/banda sonora o título independiente spa
044 ## - CÓDIGO DEL PAÍS DE LA ENTIDAD EDITORA/PRODUCTORA
Código MARC del país mx
050 #4 - SIGNATURA TOPOGRÁFICA DE LA BIBLIOTECA DEL CONGRESO
Número de clasificación ND259.V4
Número de documento/Ítem .E53 1943
100 1# - ENTRADA PRINCIPAL--NOMBRE DE PERSONA
Nombre de persona Encina, Juan de la
Fechas asociadas al nombre 1890-1963
9 (RLIN) 7787
245 10 - MENCIÓN DE TÍTULO
Título El paisajista José María Velasco
Resto del título (1840-1912)
Mención de responsabilidad, etc. Juan de la Encina.
260 ## - PUBLICACIÓN, DISTRIBUCIÓN, ETC.
Lugar de publicación, distribución, etc. México
Nombre del editor, distribuidor, etc. El Colegio de México
Fecha de publicación, distribución, etc. 1943
300 ## - DESCRIPCIÓN FÍSICA
Extensión 207 p.
Otras características físicas il., 41 láminas
Dimensiones 24 cm.
440 #0 - MENCIÓN DE SERIE/PUNTO DE ACCESO ADICIONAL--TÍTULO
Título Ensayos críticos sobre arte mexicano
Designación de volumen o secuencia 1
9 (RLIN) 22839
500 ## - NOTA GENERAL
Nota general Incluye índice de ilustraciones
500 ## - NOTA GENERAL
Nota general Catálogo de la exposición de José María Velasco, inaugurado oficialmente el 26 de agosto de 1942 en el Palacio de Bellas Artes (Ciudad de México)
500 ## - NOTA GENERAL
Nota general Au125
600 14 - PUNTO DE ACCESO ADICIONAL DE MATERIA--NOMBRE DE PERSONA
Nombre de persona Velasco, José María
Fechas asociadas al nombre 1840-1912
9 (RLIN) 22840
650 14 - PUNTO DE ACCESO ADICIONAL DE MATERIA--TÉRMINO DE MATERIA
Término de materia o nombre geográfico como elemento de entrada Paisajes, Pintura de
Subdivisión geográfica México
9 (RLIN) 9429
650 14 - PUNTO DE ACCESO ADICIONAL DE MATERIA--TÉRMINO DE MATERIA
Término de materia o nombre geográfico como elemento de entrada Paisajistas mexicanos
9 (RLIN) 13440
902 ## - CATALOGADOR
Iniciales GRL
942 ## - ELEMENTOS DE PUNTO DE ACCESO ADICIONAL (KOHA)
Fuente del sistema de clasificación o colocación Library of Congress Classification
Tipo de ítem Koha Libros
Holdings
Estado de retiro Estado de pérdida Estado dañado No para préstamo Localización permanente Ubicación/localización actual Fecha de adquisición Número de inventario Total de préstamos Signatura topográfica completa Código de barras Fecha visto por última vez Precio válido a partir de Tipo de ítem Koha
El ejemplar forma parte de la colección y puede ser consultado según las políticas vigentes.       Biblioteca Centro de Estudios Ruth D. Lechuga Biblioteca Centro de Estudios Ruth D. Lechuga 09/10/2012 Au125   ND259.V4 .E53 1943 (Au125) GRL00088 22/03/2019 22/03/2019 Libros